000 01042nam a2200241Ii 4500
003 JO-AjNU
008 230605s9999||||xx |||||||||||||| ||und||
017 _a2003/18733
020 _a977-6109-66-9
040 _aJO-AjNU
_bara
_erda
_cJO-AjNU
041 _aara
050 1 4 _aG63.2004
100 3 _aإعداد، مصطفى أحمد أحمد ، حسام الدين إبراهيم عثمان,
_eauthor
_97440
245 0 0 _aالموسوعة الجغرافية: الأنهار - البحار- المحيطات- البحيرات - الجبال -تلال - خلجان- سدود-أودية- سهول- شلالات -مرتفعات- قنوات- مضايق- ممرات - هضاب، الجزء الثاني
250 _aط1
264 3 1 _aالقاهرة: دار العلوم للنشر،2004
300 _aج2، 112ص
336 _atext
_btxt
_2rdacontent
337 _aunmediated
_bn
_2rdamedia
338 _avolume
_bnc
_2rdacarrier
490 0 _aالموسوعة الجغرافية
650 4 _aالجغرافيا -- دوائر معارف
_97441
999 _aA280
_c3848
_d3848